|
|
|
|
| LEADER |
01283nam a2200337 a 4500 |
| 001 |
2151976 |
| 008 |
090722s1989enk b 000 1 eng d |
| 010 |
|
|
|a 98190349
|
| 020 |
|
|
|a 0140433139
|
| 040 |
|
|
|a DLC
|c DLC
|
| 082 |
0 |
0 |
|a 823/.5
|2 21
|
| 100 |
1 |
|
|a Defoe, Daniel,
|d 1661?-1731.
|
| 245 |
1 |
4 |
|a The fortunes and misfortunes of the famous Moll Flanders, & who ... /
|c Daniel Defoe ; edited with an introduction by David Blewett.
|
| 260 |
|
|
|a London :
|b Penguin,
|c 1989.
|
| 300 |
|
|
|a ix, 454 p. ;
|c 20 cm.
|
| 490 |
0 |
|
|a Penguin classics.
|
| 541 |
1 |
|
|e 00011835
|
| 650 |
|
0 |
|a Children of prisoners
|v Fiction.
|
| 650 |
|
0 |
|a British
|z Virginia
|v Fiction.
|
| 650 |
|
0 |
|a Women
|z England
|v Fiction.
|
| 650 |
|
0 |
|a Prostitutes
|v Fiction.
|
| 650 |
|
0 |
|a Repentance
|v Fiction.
|
| 650 |
|
0 |
|a Criminals
|v Fiction.
|
| 651 |
|
0 |
|a London (England)
|v Fiction.
|
| 651 |
|
0 |
|a Virginia
|v Fiction.
|
| 655 |
|
7 |
|a Picaresque literature.
|2 gsafd
|
| 655 |
|
7 |
|a Adventure fiction.
|2 gsafd
|
| 700 |
1 |
|
|a Starr, G. A.
|q (George A.)
|
| 852 |
4 |
|
|a Ayesha Abed Library
|j General shelf.
|
| 999 |
|
|
|c 2711
|d 2711
|
| 952 |
|
|
|0 0
|1 0
|2 ddc
|4 0
|6 823_500000000000000_DEF
|7 0
|9 2490
|a BRACUL
|b BRACUL
|c GEN
|d 2009-07-22
|g 0.00
|l 2
|m 14
|o 823.5 DEF
|p 3010011835
|r 2013-12-20
|s 2013-09-16
|t 1
|w 2009-07-22
|y BK
|x No price found in the accession register.
|